1455 1574 1419 1495 1564 1368 1999 1008 1804 1512 1285 1545 1581 1018 1616 1248 1075 1736 1606 1542 1360 1722 1555 1869 1322 1683 1016 1624 1918 1290 1703 1606 1362 1274 1572 1137 1725 1289 1589 1639 1539 1518 1550 1152 1785 1001 1982 1265 1949 1311 1355 1452 1307 1359 1900 1807 1319 1993 1467 1336 1588 1738 1946 1914 1543 1415 1673 1978 1608 1877 1334 1946 1009 1523 1083 1727 1197 1242 1469 1037 1380 1910 1319 1034 1223 1434 1595 1211 1317 1080 1593 1072 1272 1933 1470 1753 1422 1904 1548 BCNSPRNW ULIB Ver.6.0+V

เปลี่ยนเป็นภาษาไทย

Change to English
 แสดงรายละเอียดบรรณานุกรม
  กลับหน้าหลัก

Brief Record : Get Marc (ISO 2709) : E-mail record : QR code < ปิดหน้าต่าง
LEADER : 00000nam 2200000uu 4500
001    13399122041
003     ULIB
008    121221s2555||||th 000 0 tha d
020    ^a9786167287584
060 04 ^aWT100 พ262ก
100 0  ^aพรรณธร เจริญกุล
245 10 ^aการดูแลผู้สูงอายุ =^bElderly care /^cพรรณธร เจริญกุล
246 31 ^aElderly care
250    ^aพิมพ์ครั้งที่ 2
260    ^aกรุงเทพฯ :^bสภากาชาดไทยม,^c2555
300    ^a165 หน้า :^bภาพประกอบ ;^c26 ซม.
650  4 ^aผู้สูงอายุ
650  4 ^aผู้สูงอายุ^xการดูแล
650  4 ^aผู้สูงอายุ^xสุขภาพและอนามัย
710 2  ^aสภากาชาดไทย
856    ^zการดูแลผุ้สูงอายุ.pdf (Content)^uhttp://ulibm.bcnsprnw.ac.th/ULIB6//_fulltext/5/13399122041/20121221105600_1754.pdf
945    ^p199^l0^i033274
945    ^p199^l0^i033275
945    ^p199^l0^i033276
945    ^p199^l0^i033277
945    ^p199^l0^i033278
945    ^p199^l0^i033279
945    ^p199^l0^i033280
995    เกษร
999    ^aใช้งานได้ทุกระบบ
รายการนี้ยังไม่มีแท็ก
คุณยังไม่ได้ล็อกอิน คุณสามารถมีกิจกรรมร่วมกับเว็บไซต์ได้ แต่ต้องล็อกอินก่อน ::
  ล็อกอิน

รายการสื่อสารสนเทศ

ลำดับที่ ประเภท เลขเรียก/บาร์โค้ด สถานที่ สถานะ
1. วิทยาศาสตร์การแพทย์ และสุขภาพ
หนังสือสำรอง
สถานะ=หนังสือสำรอง
WT100 พ262ก ฉ.1 
  Barcode: 033274
ห้องสมุดวิทยาเขตสวรรค์ประชารักษ์
►ส่วนจัดเก็บหนังสือเก่า สปร
บนชั้น
  ขอยืม
2. วิทยาศาสตร์การแพทย์ และสุขภาพ
วิทยาศาสตร์การแพทย์ และสุขภาพ
WT100 พ262ก ฉ.2 
  Barcode: 033275
ห้องสมุดวิทยาเขตสวรรค์ประชารักษ์
►ส่วนจัดเก็บหนังสือเก่า สปร
บนชั้น
  ขอยืม
3. วิทยาศาสตร์การแพทย์ และสุขภาพ
วิทยาศาสตร์การแพทย์ และสุขภาพ
WT100 พ262ก ฉ.3 
  Barcode: 033276
ห้องสมุดวิทยาเขตสวรรค์ประชารักษ์
►ส่วนจัดเก็บหนังสือเก่า สปร
บนชั้น
  ขอยืม
4. วิทยาศาสตร์การแพทย์ และสุขภาพ
วิทยาศาสตร์การแพทย์ และสุขภาพ
WT100 พ262ก ฉ.4 
  Barcode: 033277
ห้องสมุดวิทยาเขตสวรรค์ประชารักษ์
►ส่วนจัดเก็บหนังสือเก่า สปร
บนชั้น
  ขอยืม
5. วิทยาศาสตร์การแพทย์ และสุขภาพ
วิทยาศาสตร์การแพทย์ และสุขภาพ
WT100 พ262ก ฉ.5 
  Barcode: 033278
ห้องสมุดวิทยาเขตสวรรค์ประชารักษ์
►ส่วนจัดเก็บหนังสือเก่า สปร
บนชั้น
  ขอยืม
6. วิทยาศาสตร์การแพทย์ และสุขภาพ
วิทยาศาสตร์การแพทย์ และสุขภาพ
WT100 พ262ก ฉ.6 
  Barcode: 033279
ห้องสมุดวิทยาเขตสวรรค์ประชารักษ์
►ส่วนจัดเก็บหนังสือเก่า สปร
บนชั้น
  ขอยืม
7. วิทยาศาสตร์การแพทย์ และสุขภาพ
วิทยาศาสตร์การแพทย์ และสุขภาพ
WT100 พ262ก ฉ.7 
  Barcode: 033280
ห้องสมุดวิทยาเขตสวรรค์ประชารักษ์
►ส่วนจัดเก็บหนังสือเก่า สปร
บนชั้น
  ขอยืม

รายการใกล้เคียง
    ผู้แต่ง [พรรณธร เจริญกุล]

    หัวเรื่อง [ผู้สูงอายุ]
    หัวเรื่อง [ผู้สูงอายุ การดูแล]

BibComment


ยังไม่เคยถูกคอมเมนท์

คอมเมนท์ทรัพยากรรายการนี้
  คอมเมนท์: การดูแลผู้สูงอาย..


 Copyright 2026. Bcnsprnw @Library